[Event "North American op 29th"]
[Site "Las Vegas"]
[Date "2019.12.26"]
[Round "1"]
[White "Wu, Ethan"]
[Black "Kretchetov, Alexandre"]
[Result "0-1"]
[WhiteElo "1862"]
[BlackElo "2220"]
[PlyCount "92"]
[EventDate "2019.12.26"]
[EventType "swiss"]
[EventRounds "9"]
[EventCountry "USA"]
[SourceTitle "CBM 194 Extra"]
[Source "ChessBase"]
[SourceDate "2020.03.31"]
[SourceVersion "1"]
[SourceVersionDate "2020.03.31"]
[SourceQuality "1"]

1. d4 Nf6 2. c4 g6 3. Nc3 Bg7 4. e4 d6 5. Nf3 0-0 6. Be2 Bg4 7. 0-0 Nfd7 8. Be3 Nc6 9. Qd2 e5 10. d5 Ne7 11. Ng5 Bxe2 12. Qxe2 h6 13. Nf3 f5 14. Ne1 f4 15. Bd2 h5 16. f3 g5 17. Nd3 Nf6 18. Rfc1 Ng6 19. c5 Rf7 20. Kf1 Bf8 21. b4 Rg7 22. Na4 g4 23. Ke1 gxf3 24. gxf3 Nh4 25. Qf2 Nxe4 26. fxe4 Rg2 27. Qf1 Qg5 28. Kd1 Rg1 29. Kc2 Rxf1 30. Rxf1 Kh7 31. Rg1 Qf6 32. Raf1 Bh6 33. Nc3 Ng6 34. Kb3 a6 35. Nd1 Qe7 36. a3 Rg8 37. Rf2 Qd7 38. Rfg2 Qh3 39. N1f2 Qf3 40. Kb2 Ne7 41. Ne1 Rxg2 42. Rxg2 Qe2 43. Ng4 Qf1 44. Nxh6 Kxh6 45. cxd6 cxd6 46. Bc3 Qc4 0-1

[Event "Oregon inv"]
[Site "Portland"]
[Date "2018.09.15"]
[Round "2"]
[White "Cosner, Karl"]
[Black "Wu, Ethan"]
[Result "1-0"]
[WhiteElo "1995"]
[BlackElo "1951"]
[PlyCount "59"]
[EventDate "2018.09.14"]
[EventType "tourn"]
[EventRounds "9"]
[EventCountry "USA"]
[SourceTitle "EXT 2024"]
[Source "ChessBase"]
[SourceDate "2023.10.10"]
[SourceVersion "1"]
[SourceVersionDate "2023.10.10"]
[SourceQuality "1"]

1. d4 d5 2. c4 c6 3. cxd5 cxd5 4. Bf4 Nf6 5. Nc3 Nc6 6. e3 Bf5 7. Qb3 Na5 8. Bb5+ Bd7 9. Qa4 Nc6 10. Nf3 a6 11. Bxc6 Bxc6 12. Qb3 Nh5 13. Be5 f6 14. g4 fxe5 15. dxe5 Nf6 16. exf6 exf6 17. Nd4 Qd7 18. 0-0-0 Qxg4 19. Nxd5 Rc8 20. Nxc6 Rxc6+ 21. Kb1 Qe4+ 22. Ka1 b5 23. Rc1 Kd7 24. Rhd1 Bd6 25. Rxc6 Kxc6 26. Qc3+ Kb7 27. Qa5 Qa4 28. Qb6+ Ka8 29. Qc6+ Ka7 30. Qd7+ 1-0

[Event "Oregon inv"]
[Site "Portland"]
[Date "2018.09.15"]
[Round "3"]
[White "Wu, Ethan"]
[Black "Rachmuth, Moshe Shai"]
[Result "1/2-1/2"]
[WhiteElo "1951"]
[BlackElo "1920"]
[PlyCount "101"]
[EventDate "2018.09.14"]
[EventType "tourn"]
[EventRounds "9"]
[EventCountry "USA"]
[SourceTitle "EXT 2024"]
[Source "ChessBase"]
[SourceDate "2023.10.10"]
[SourceVersion "1"]
[SourceVersionDate "2023.10.10"]
[SourceQuality "1"]

1. d4 d5 2. c4 e6 3. Nc3 Be7 4. Nf3 Nf6 5. Bg5 h6 6. Bh4 0-0 7. e3 Ne4 8. Bxe7 Qxe7 9. Bd3 Nxc3 10. bxc3 dxc4 11. Bxc4 b6 12. e4 Bb7 13. Qe2 Nd7 14. 0-0 c5 15. Rfd1 cxd4 16. cxd4 Rad8 17. e5 Nb8 18. Bd3 Rd7 19. Be4 Bxe4 20. Qxe4 Rc7 21. d5 exd5 22. Qxd5 Rfc8 23. Qd6 Rd7 24. Qxe7 Rxe7 25. Rac1 Rce8 26. h3 Nd7 27. Nh4 g6 28. f4 Nc5 29. Rd6 Rc7 30. Rcd1 Ree7 31. Rd8+ Kh7 32. R8d6 Red7 33. f5 gxf5 34. Nxf5 Rxd6 35. Rxd6 Ne6 36. Nd4 Nxd4 37. Rxd4 Re7 38. Rd5 Kg6 39. g4 Re6 40. Kf2 a6 41. h4 f6 42. exf6 Rxf6+ 43. Kg3 b5 44. Rd7 Rc6 45. h5+ Kf6 46. Rh7 Ke5 47. Rd7 Rf6 48. g5 hxg5 49. Kg4 Rf2 50. Kxg5 Rg2+ 51. Kh6 1/2-1/2

[Event "Vancouver op"]
[Site "Vancouver"]
[Date "2014.08.09"]
[Round "2"]
[White "Gafni, Kevin"]
[Black "Wu, Ethan"]
[Result "1-0"]
[WhiteElo "2054"]
[BlackElo "1585"]
[PlyCount "71"]
[EventDate "2014.08.09"]
[EventType "swiss"]
[EventRounds "5"]
[EventCountry "CAN"]
[SourceTitle "EXT 2017"]
[Source "ChessBase"]
[SourceDate "2016.10.25"]
[SourceVersion "1"]
[SourceVersionDate "2016.10.25"]
[SourceQuality "1"]

1. e4 e6 2. d4 d5 3. Nc3 Nf6 4. Bg5 Bb4 5. e5 h6 6. Bd2 Nfd7 7. Qg4 Kf8 8. a3 Ba5 9. b4 Bb6 10. Nce2 a5 11. Rb1 axb4 12. axb4 Nc6 13. c3 Ne7 14. Ng3 Ng6 15. Bd3 Ndxe5 16. dxe5 Nxe5 17. Qe2 Qf6 18. Nf3 Ng4 19. 0-0 e5 20. h3 Nxf2 21. Rxf2 Bxf2+ 22. Qxf2 e4 23. Nxe4 dxe4 24. Bxe4 c6 25. Qb6 g6 26. Be3 Qe6 27. Re1 Qd7 28. Bd4 Rh7 29. Ne5 Qe8 30. Bxg6 Rg7 31. Bxf7 Bxh3 32. Bc5+ Qe7 33. Bxe7+ Kxe7 34. Qc7+ Kf6 35. Rf1+ Kg5 36. Qe7# 1-0

[Event "Vancouver op"]
[Site "Vancouver"]
[Date "2014.08.09"]
[Round "4"]
[White "Wu, Ethan"]
[Black "Pupols, Viktors"]
[Result "1/2-1/2"]
[WhiteElo "1585"]
[BlackElo "2200"]
[PlyCount "86"]
[EventDate "2014.08.09"]
[EventType "swiss"]
[EventRounds "5"]
[EventCountry "CAN"]
[SourceTitle "EXT 2017"]
[Source "ChessBase"]
[SourceDate "2016.10.25"]
[SourceVersion "1"]
[SourceVersionDate "2016.10.25"]
[SourceQuality "1"]

1. d4 d5 2. c4 e6 3. Nc3 Nf6 4. cxd5 exd5 5. Nf3 Be7 6. Bf4 0-0 7. h3 c6 8. e3 Bf5 9. Bd3 Bxd3 10. Qxd3 Re8 11. 0-0 Nbd7 12. a3 Ne4 13. Nxe4 dxe4 14. Qxe4 Bxa3 15. Qc2 Bf8 16. Ng5 Nf6 17. Be5 g6 18. Qb3 Nd5 19. Nxf7 Kxf7 20. e4 Re7 21. Qf3+ Kg8 22. exd5 Rf7 23. Qc3 Qxd5 24. Ra5 Qd7 25. Qb3 b6 26. Raa1 Qd5 27. Qxd5 cxd5 28. Ra6 Bb4 29. Rfa1 Raf8 30. f3 Ba5 31. Ra4 Rc8 32. b4 Rc4 33. Bb8 Rxd4 34. Bxa7 Rxb4 35. Rxb4 Bxb4 36. Bxb6 Rb7 37. Ra8+ Kf7 38. Bf2 Ke6 39. Re8+ Kd7 40. Rh8 Kc6 41. Rc8+ Kd7 42. Rh8 Kc6 43. Rc8+ Kd7 1/2-1/2